Countries Most Similar To Kazakhstan - Statistics

General Stats
  • This quiz has been taken 266 times
  • The average score is 15 of 21
Answer Stats
Rank Country Score % Correct
5 Russia 74.2
97%
1 Uzbekistan 79.5
96%
2 Kyrgyzstan 78.2
93%
3 Turkmenistan 76.8
92%
7 Tajikistan 72.6
91%
9 Mongolia 68.4
89%
4 Azerbaijan 74.5
86%
8 Ukraine 71.7
85%
11 Turkey 67.6
84%
6 Belarus 73.7
81%
10 Armenia 67.8
77%
14 Georgia 65.4
76%
12 Moldova 66.9
62%
16 Bulgaria 64.6
54%
19 Romania 64.1
54%
15 Lithuania 65.0
53%
18 Latvia 64.2
51%
13 Serbia 65.8
47%
20 Slovakia 63.5
38%
17 North Macedonia 64.5
35%
20 Montenegro 63.5
28%
No matching quizzes found
Score Distribution
Percent of People with Each Score
Percentile by Number Answered
Your Score History
You have not taken this quiz